[Event "FIN-chT 1718"]
[Site "Finland"]
[Date "2018.02.03"]
[Round "7.2"]
[White "Syvalahti, Timo"]
[Black "Kanep, Meelis"]
[Result "0-1"]
[WhiteElo "2172"]
[BlackElo "2456"]
[PlyCount "78"]
[EventDate "2017.09.16"]
[EventType "team-tourn"]
[EventRounds "11"]
[EventCountry "FIN"]
[SourceTitle "EXT 2019"]
[Source "ChessBase"]
[SourceDate "2018.10.10"]
[SourceVersion "1"]
[SourceVersionDate "2018.10.10"]
[SourceQuality "1"]
[WhiteTeam "Karjaa KarjUra"]
[BlackTeam "Vantaa EtVaS"]
[WhiteTeamCountry "FIN"]
[BlackTeamCountry "FIN"]

1. d4 Nf6 2. c4 g6 3. Nc3 d5 4. Nf3 Bg7 5. Qb3 dxc4 6. Qxc4 Be6 7. Qb5+ Bd7 8. Qd3 c5 9. d5 0-0 10. e4 e6 11. Be2 exd5 12. exd5 Bf5 13. Qc4 Nbd7 14. 0-0 Re8 15. Rd1 Nb6 16. Qb3 Rc8 17. Be3 h6 18. h3 g5 19. Bb5 Nfd7 20. a4 g4 21. hxg4 c4 22. Qb4 Bxg4 23. a5 Bxf3 24. gxf3 Rxe3 25. axb6 Rxf3 26. bxa7 Qg5+ 27. Kf1 Bxc3 28. a8Q Bxb4 29. Qxc8+ Nf8 30. Ra8 Qh4 31. Rd2 Qh1+ 32. Ke2 Rf4 33. Bxc4 Qh5+ 34. Kf1 Qh1+ 35. Ke2 Qf3+ 36. Kf1 Rh4 37. Ke1 Rh1+ 38. Bf1 Qe4+ 39. Kd1 Rxf1# 0-1

[Event "Helsinki We Garde"]
[Site "Helsinki"]
[Date "2017.10.01"]
[Round "4"]
[White "Syvalahti, Timo"]
[Black "Sipila, Markku"]
[Result "1/2-1/2"]
[WhiteElo "2172"]
[BlackElo "2029"]
[PlyCount "82"]
[EventDate "2017.09.29"]
[EventType "swiss"]
[EventRounds "5"]
[EventCountry "FIN"]
[SourceTitle "EXT 2022"]
[Source "ChessBase"]
[SourceDate "2021.10.06"]
[SourceVersion "1"]
[SourceVersionDate "2021.10.06"]
[SourceQuality "1"]

1. d4 Nf6 2. c4 e6 3. g3 d5 4. Bg2 c6 5. Nf3 Bd6 6. Qc2 Nbd7 7. 0-0 0-0 8. Nbd2 Qe7 9. e4 dxe4 10. Nxe4 Nxe4 11. Qxe4 c5 12. Rd1 Rb8 13. dxc5 Nxc5 14. Qc2 e5 15. b4 Ne6 16. c5 Bc7 17. Bb2 f6 18. a4 Bd7 19. Rac1 Rfd8 20. b5 Be8 21. Rxd8 Rxd8 22. Nh4 b6 23. c6 g6 24. Nf3 Qd6 25. Qc3 Kg7 26. Bf1 Nc5 27. Ba3 Bf7 28. Bxc5 Qxc5 29. Qxc5 bxc5 30. Rxc5 e4 31. Ne1 Bb3 32. Rc3 Bd1 33. Nc2 Bb6 34. Ne3 Bxa4 35. c7 Rc8 36. Nd5 Bd1 37. Rc6 Bf3 38. Bc4 e3 39. fxe3 Bxd5 40. Bxd5 Rxc7 41. Kf2 Re7 1/2-1/2

[Event "Helsinki We Garde"]
[Site "Helsinki"]
[Date "2017.09.30"]
[Round "2"]
[White "Syvalahti, Timo"]
[Black "Lindholm, Jere"]
[Result "0-1"]
[WhiteElo "2172"]
[BlackElo "2040"]
[PlyCount "104"]
[EventDate "2017.09.29"]
[EventType "swiss"]
[EventRounds "5"]
[EventCountry "FIN"]
[SourceTitle "EXT 2022"]
[Source "ChessBase"]
[SourceDate "2021.10.06"]
[SourceVersion "1"]
[SourceVersionDate "2021.10.06"]
[SourceQuality "1"]

1. d4 Nf6 2. c4 g6 3. Nc3 d5 4. Nf3 Bg7 5. Qb3 dxc4 6. Qxc4 0-0 7. e4 a6 8. Be2 b5 9. Qb3 Bb7 10. e5 Nd5 11. 0-0 e6 12. Ne4 Nd7 13. Bg5 Qb8 14. Rac1 Rc8 15. Ne1 Qa7 16. Nc2 h6 17. Bd2 N5b6 18. Qd3 Nc4 19. Bc3 c5 20. b3 cxd4 21. Bxd4 Ndxe5 22. Qg3 Qb8 23. Nc5 Nd2 24. Nxb7 Nxf1 25. Kxf1 Qxb7 26. Bxe5 Qe4 27. Bxg7 Rxc2 28. Rxc2 Qxc2 29. Bc3 Rc8 30. Be1 Qxa2 31. Qe3 Rc2 32. Bd1 Rc8 33. Qd4 Qb1 34. Ke2 Qf5 35. Bc3 e5 36. Qxe5 Qxe5+ 37. Bxe5 Re8 38. f4 f6 39. Kd3 fxe5 40. fxe5 Rxe5 41. Kd4 Rf5 42. Bf3 Kf7 43. Bb7 Rf6 44. Kc5 Ke7 45. Kb4 Kd7 46. Ka5 Kc7 47. Bxa6 Rf2 48. Bxb5 Rxg2 49. Bd3 g5 50. h3 Rg3 51. Bf5 Rxb3 52. Ka4 Rb8 0-1

[Event "FIN-chT 1617"]
[Site "Finland"]
[Date "2017.03.12"]
[Round "11.1"]
[White "Syvalahti, Timo"]
[Black "Moiseenko, Vadim"]
[Result "0-1"]
[WhiteElo "2121"]
[BlackElo "2527"]
[PlyCount "139"]
[EventDate "2016.09.17"]
[EventType "team-tourn"]
[EventRounds "11"]
[EventCountry "FIN"]
[SourceTitle "EXT 2018"]
[Source "ChessBase"]
[SourceDate "2017.10.13"]
[SourceVersion "1"]
[SourceVersionDate "2017.10.13"]
[SourceQuality "1"]
[WhiteTeam "Karjaa KarjUra"]
[BlackTeam "Espoo MatSK"]
[WhiteTeamCountry "FIN"]
[BlackTeamCountry "FIN"]

1. d4 Nf6 2. c4 e6 3. g3 c5 4. Nf3 cxd4 5. Nxd4 d5 6. Bg2 e5 7. Nb3 d4 8. 0-0 Nc6 9. f4 e4 10. f5 a5 11. e3 d3 12. Nc3 Be7 13. Nxe4 0-0 14. Nbc5 Ne5 15. b3 Re8 16. Bb2 Nfg4 17. Bd4 Nc6 18. Qxd3 Bf8 19. Rad1 Qc7 20. Na4 Nb4 21. Qe2 Nh6 22. Nb6 Bxf5 23. Nxa8 Rxa8 24. Nc3 Bg4 25. Bf3 Bh3 26. Rf2 Re8 27. a3 Nc6 28. Nd5 Qb8 29. Nf4 Bf5 30. Qb2 Ng4 31. Bxg4 Bxg4 32. Rdf1 b5 33. h3 Bc8 34. Nh5 Nxd4 35. Qxd4 Re7 36. Qd5 Bb7 37. Qxb5 Qc8 38. Qf5 Qc6 39. Qd5 Qxd5 40. cxd5 Bxd5 41. b4 a4 42. Rd2 Bb7 43. Kf2 Rc7 44. Rfd1 Be4 45. Rd4 f5 46. Rd7 Rc3 47. Ra7 Rc2+ 48. Ke1 Bf3 49. Nf4 Bxd1 50. Kxd1 Rc3 51. Rxa4 Rxe3 52. Ra8 g5 53. Ne2 Kf7 54. Kd2 Rf3 55. Ra5 Kg6 56. Ra6+ Kf7 57. Ra5 Bg7 58. b5 Rb3 59. a4 Be5 60. b6 Ke6 61. Ra6 Kd5 62. a5 f4 63. gxf4 gxf4 64. Nc1 Rb2+ 65. Ke1 Bc3+ 66. Kd1 f3 67. Nd3 Rd2+ 68. Ke1 Rxd3+ 69. Kf2 Bd4+ 70. Kf1 0-1

[Event "Helsinki We MatSK (std)"]
[Site "Helsinki"]
[Date "2017.02.26"]
[Round "6"]
[White "Sipila, Markku"]
[Black "Syvalahti, Timo"]
[Result "0-1"]
[WhiteElo "2010"]
[BlackElo "2149"]
[PlyCount "126"]
[EventDate "2017.02.24"]
[EventType "swiss"]
[EventRounds "7"]
[EventCountry "FIN"]
[SourceTitle "EXT 2022"]
[Source "ChessBase"]
[SourceDate "2021.10.06"]
[SourceVersion "1"]
[SourceVersionDate "2021.10.06"]
[SourceQuality "1"]

1. d4 Nf6 2. c4 e6 3. Nc3 Bb4 4. e3 c5 5. Nge2 b6 6. a3 Ba5 7. Qa4 Nc6 8. Bd2 0-0 9. f3 Re8 10. 0-0-0 Bb7 11. Be1 cxd4 12. Nxd4 Nxd4 13. Rxd4 Bxc3 14. Bxc3 Qc7 15. Rd2 e5 16. e4 Rac8 17. g4 Qc6 18. Qb4 a5 19. Qd6 Qxd6 20. Rxd6 Rc6 21. Rd2 h6 22. h4 Ba6 23. g5 Nh5 24. gxh6 Ng3 25. Rg1 Nxf1 26. Rxf1 Rxh6 27. b3 a4 28. Kb2 axb3 29. Kxb3 Rc8 30. Rfd1 Bxc4+ 31. Kb2 Rxh4 32. Bxe5 Rh3 33. Rg1 g6 34. Rxd7 Rxf3 35. Rh1 f6 36. Bd4 Rb3+ 37. Ka1 Rxa3+ 38. Kb1 Rb3+ 39. Bb2 Bf7 40. Rhd1 Rc4 41. Rd8+ Kg7 42. e5 fxe5 43. R8d7 Rf4 44. R1d2 Rb5 45. Kc1 Kf6 46. Kd1 Rf1+ 47. Kc2 Rc5+ 48. Kd3 Bc4+ 49. Ke3 Re1+ 50. Kf2 Rf1+ 51. Ke3 Rb5 52. Bc3 Rb3 53. Rc2 b5 54. Kd2 Rf2+ 55. Kc1 Rf1+ 56. Kd2 Rf2+ 57. Kc1 Rf3 58. Ba5 Rbd3 59. Rb7 Rf1+ 60. Kb2 Rb3+ 61. Ka2 Rbb1+ 62. Ka3 Ra1+ 63. Kb4 Ra4+ 0-1

[Event "Helsinki We MatSK (std)"]
[Site "Helsinki"]
[Date "2017.02.26"]
[Round "7"]
[White "Syvalahti, Timo"]
[Black "Turov, Maxim"]
[Result "0-1"]
[WhiteElo "2149"]
[BlackElo "2597"]
[PlyCount "136"]
[EventDate "2017.02.24"]
[EventType "swiss"]
[EventRounds "7"]
[EventCountry "FIN"]
[SourceTitle "EXT 2022"]
[Source "ChessBase"]
[SourceDate "2021.10.06"]
[SourceVersion "1"]
[SourceVersionDate "2021.10.06"]
[SourceQuality "1"]

1. d4 Nf6 2. c4 g6 3. Nc3 d5 4. Nf3 Bg7 5. Qb3 dxc4 6. Qxc4 0-0 7. e4 Bg4 8. Be3 Nfd7 9. 0-0-0 c6 10. h3 Nb6 11. Qb3 Be6 12. d5 cxd5 13. exd5 Bd7 14. Nd4 Qc7 15. Kb1 Na6 16. Ndb5 Qe5 17. Bd4 Qb8 18. Bxg7 Kxg7 19. Ne4 Qe5 20. Qc3 Qxc3 21. Nbxc3 Rfc8 22. Rd4 Nc5 23. Nxc5 Rxc5 24. Be2 Rd8 25. g4 Be6 26. Rhd1 Bxd5 27. Nxd5 Rcxd5 28. Rxd5 Rxd5 29. Kc2 Rxd1 30. Kxd1 Nd5 31. Bf3 e6 32. Kd2 Kf6 33. Kd3 Ke5 34. Kc4 Kd6 35. b4 g5 36. Be4 h6 37. a3 b6 38. Bd3 Nf4 39. Bf1 Kc6 40. Kd4 f6 41. a4 h5 42. gxh5 Nxh5 43. Bg2+ Kd6 44. Kc4 Nf4 45. Bf1 Kc6 46. Kd4 Nd5 47. Kc4 Kd6 48. a5 Nc7 49. axb6 axb6 50. Kd4 f5 51. b5 Nd5 52. Bd3 Nf4 53. Bf1 e5+ 54. Kc4 Ke6 55. f3 Kd6 56. Kc3 Kc5 57. Kc2 Kd4 58. Kd2 e4 59. fxe4 fxe4 60. Kd1 Ke3 61. Ke1 Nd3+ 62. Kd1 Kf2 63. Bxd3 exd3 64. Kd2 Kg3 65. Kxd3 Kxh3 66. Kd4 g4 67. Kd5 g3 68. Kc6 g2 0-1

[Event "Helsinki We MatSK (rapid)"]
[Site "Helsinki"]
[Date "2017.02.25"]
[Round "3"]
[White "Syvalahti, Timo"]
[Black "Blinov, Jurij"]
[Result "1-0"]
[WhiteElo "2149"]
[BlackElo "1983"]
[PlyCount "69"]
[EventDate "2017.02.24"]
[EventType "swiss (rapid)"]
[EventRounds "7"]
[EventCountry "FIN"]
[SourceTitle "EXT 2022"]
[Source "ChessBase"]
[SourceDate "2021.10.06"]
[SourceVersion "1"]
[SourceVersionDate "2021.10.06"]
[SourceQuality "1"]

1. d4 Nf6 2. c4 e5 3. dxe5 Ng4 4. Bf4 Nc6 5. Nf3 Bb4+ 6. Nbd2 Qe7 7. e3 Ngxe5 8. Nxe5 Nxe5 9. Be2 d6 10. 0-0 Bxd2 11. Qxd2 0-0 12. Rfd1 Ng6 13. Bg3 Be6 14. Rac1 b6 15. Bf3 Rad8 16. b4 Ne5 17. Bd5 Nd7 18. Qd4 Nf6 19. Bh4 Bxd5 20. cxd5 Qe5 21. Bxf6 gxf6 22. Rxc7 Rfe8 23. Qxe5 Rxe5 24. Rxa7 Rc8 25. g3 Rc4 26. a3 h5 27. Rd7 Rc3 28. Rxd6 Rxa3 29. Rxb6 Rf5 30. Rd2 h4 31. gxh4 Rh5 32. d6 Ra8 33. d7 Rd8 34. Rc6 Kg7 35. Rc8 1-0

[Event "Helsinki We KapSK"]
[Site "Helsinki"]
[Date "2016.11.26"]
[Round "2"]
[White "Syvalahti, Timo"]
[Black "Tiihonen, Ilpo"]
[Result "1-0"]
[WhiteElo "2144"]
[BlackElo "1915"]
[PlyCount "71"]
[EventDate "2016.11.26"]
[EventType "swiss"]
[EventRounds "5"]
[EventCountry "FIN"]
[SourceTitle "EXT 2022"]
[Source "ChessBase"]
[SourceDate "2021.10.06"]
[SourceVersion "1"]
[SourceVersionDate "2021.10.06"]
[SourceQuality "1"]

1. d4 Nf6 2. c4 c5 3. d5 e6 4. Nc3 exd5 5. cxd5 d6 6. e4 g6 7. Nge2 a6 8. a4 Bg7 9. Ng3 Nbd7 10. Be2 Qe7 11. 0-0 0-0 12. Bg5 h6 13. Be3 Rb8 14. Qc2 Ne5 15. h3 g5 16. f4 gxf4 17. Rxf4 Ng6 18. Rf2 Qe5 19. Nf5 Bxf5 20. Rxf5 Qe7 21. Raf1 Nh4 22. R5f2 Rbe8 23. Bd3 b5 24. axb5 axb5 25. Bxb5 Rb8 26. Bd3 Rb4 27. Qc1 Nh5 28. Bxh6 Ng3 29. Bg5 Qe5 30. Bxh4 Nxf1 31. Qxf1 Qd4 32. Kh1 f6 33. Bg3 c4 34. Bxd6 cxd3 35. Bxb4 Qxb4 36. Qxd3 1-0

[Event "EU-ch U18 26th"]
[Site "Prague"]
[Date "2016.08.24"]
[Round "6"]
[White "Capone, Nicola"]
[Black "Syvalahti, Timo"]
[Result "1-0"]
[WhiteElo "2392"]
[BlackElo "2139"]
[PlyCount "127"]
[EventDate "2016.08.18"]
[EventType "swiss"]
[EventRounds "9"]
[EventCountry "CZE"]
[SourceTitle "CBM 174 Extra"]
[Source "ChessBase"]
[SourceDate "2016.10.10"]
[SourceVersion "1"]
[SourceVersionDate "2016.10.10"]
[SourceQuality "1"]

1. d4 e6 2. c4 Nf6 3. Nc3 Bb4 4. Nf3 b6 5. Bg5 h6 6. Bh4 g5 7. Bg3 Ne4 8. Qc2 Bb7 9. Nd2 Bxc3 10. bxc3 Nxg3 11. hxg3 d6 12. g4 Nd7 13. e3 Qe7 14. f3 0-0-0 15. 0-0-0 Nf6 16. Bd3 h5 17. gxh5 Nxh5 18. g4 Nf6 19. e4 Nd7 20. Nb3 Qf6 21. Qg2 Rxh1 22. Rxh1 Rh8 23. Kc2 Rh6 24. Nc1 Qh8 25. Rxh6 Qxh6 26. Ne2 Qh4 27. Kd2 c5 28. Ng1 Kd8 29. Qh3 Qxh3 30. Nxh3 f6 31. Ke3 e5 32. d5 Ba6 33. Ng1 Nf8 34. Ne2 Ng6 35. Ng3 Bc8 36. Nh5 Ke7 37. Bc2 Bd7 38. Bd1 Nf4 39. Nxf4 exf4+ 40. Kd2 Kd8 41. Kc1 Kc7 42. Kb2 Kb7 43. Ka3 Ka6 44. Bc2 Ka5 45. Bd1 a6 46. Bc2 b5 47. Bd1 b4+ 48. Kb2 Be8 49. Bc2 Kb6 50. Bd1 Bd7 51. Bc2 Be8 52. Bd1 Ka5 53. Bc2 Ba4 54. Bb3 Bxb3 55. axb3 Kb6 56. Kc2 a5 57. cxb4 cxb4 58. Kd2 Kc7 59. Kd3 Kb6 60. Kd4 a4 61. bxa4 Ka5 62. Kd3 Kb6 63. Kc2 Kc5 64. a5 1-0

[Event "EU-ch U18 26th"]
[Site "Prague"]
[Date "2016.08.22"]
[Round "5"]
[White "Syvalahti, Timo"]
[Black "Redondo Benavente, Jose Carlos"]
[Result "1/2-1/2"]
[WhiteElo "2139"]
[BlackElo "2206"]
[PlyCount "129"]
[EventDate "2016.08.18"]
[EventType "swiss"]
[EventRounds "9"]
[EventCountry "CZE"]
[SourceTitle "CBM 174 Extra"]
[Source "ChessBase"]
[SourceDate "2016.10.10"]
[SourceVersion "1"]
[SourceVersionDate "2016.10.10"]
[SourceQuality "1"]

1. d4 d5 2. c4 dxc4 3. Nf3 e6 4. g3 c6 5. Bg2 b5 6. a4 Bb7 7. 0-0 Nd7 8. e4 Ngf6 9. Re1 Be7 10. b3 cxb3 11. Qxb3 a6 12. Ba3 0-0 13. Nc3 Bxa3 14. Qxa3 Nb6 15. Rac1 Re8 16. Qb3 h6 17. Rc2 Nfd7 18. e5 Rb8 19. Ne4 Nxa4 20. Nd6 Rf8 21. Nd2 Qb6 22. Nxb7 Rxb7 23. Rxc6 Qxd4 24. Rd6 Qa7 25. Bxb7 Qxb7 26. Qf3 Qxf3 27. Nxf3 Ndc5 28. Rc1 b4 29. Rc6 b3 30. R1xc5 Nxc5 31. Rxc5 Rb8 32. Nd2 b2 33. Kg2 b1Q 34. Nxb1 Rxb1 35. Rc7 Rb5 36. f4 Rb2+ 37. Kh3 g6 38. Ra7 Ra2 39. Ra8+ Kg7 40. Ra7 Ra5 41. Kg4 Ra2 42. h3 Ra5 43. h4 h5+ 44. Kf3 Ra3+ 45. Kg2 Ra2+ 46. Kf3 a5 47. Ra8 a4 48. Ke3 Ra1 49. Kf2 Ra3 50. Kg2 Ra2+ 51. Kf3 a3 52. Ke3 Rg2 53. Kf3 Ra2 54. Ke3 Ra1 55. Kf2 a2 56. Kg2 Kh7 57. Ra7 Kg8 58. Ra8+ Kg7 59. Kh2 g5 60. fxg5 Kg6 61. Ra5 Kf5 62. Kg2 Kg6 63. Ra8 Kf5 64. Ra5 Kg6 65. Ra8 1/2-1/2

[Event "Helsinki We EtVaS A"]
[Site "Helsinki"]
[Date "2016.05.28"]
[Round "3.3"]
[White "Syvalahti, Timo"]
[Black "Tumanov, Dmitri"]
[Result "1/2-1/2"]
[WhiteElo "2136"]
[BlackElo "2142"]
[PlyCount "164"]
[EventDate "2016.05.27"]
[EventType "swiss"]
[EventRounds "5"]
[EventCountry "FIN"]
[SourceTitle "EXT 2022"]
[Source "ChessBase"]
[SourceDate "2021.10.06"]
[SourceVersion "1"]
[SourceVersionDate "2021.10.06"]
[SourceQuality "1"]

1. d4 d5 2. c4 e6 3. Nf3 Nf6 4. g3 dxc4 5. Bg2 Nc6 6. Qa4 Qd5 7. 0-0 Bd7 8. Nc3 Qh5 9. Qxc4 Nd5 10. e4 Nb6 11. Qe2 e5 12. Nxe5 Qxe2 13. Nxe2 Nxe5 14. dxe5 Nc4 15. f4 Bc5+ 16. Kh1 Ne3 17. Bxe3 Bxe3 18. Nc3 Bc6 19. Rad1 0-0 20. Rd3 Bc5 21. Rfd1 Rae8 22. Nd5 Bxd5 23. exd5 b6 24. a3 a5 25. Bh3 g6 26. Rc1 Re7 27. Rc4 Ra8 28. Kg2 f6 29. Be6+ Kg7 30. Rd2 fxe5 31. fxe5 c6 32. b4 axb4 33. axb4 cxd5 34. Bxd5 Be3 35. Re2 Ra3 36. Re4 Bh6 37. e6 Rd3 38. Bc4 Rd2 39. Kf3 Rxe2 40. Rxe2 Bg5 41. Ke4 Rc7 42. Bd5 Be7 43. Rb2 Bd6 44. b5 Bf8 45. Bc6 Bc5 46. Ke5 Kf8 47. Ra2 Ke7 48. Ra8 Bd6+ 49. Kd5 Bb4 50. Rb8 Bc5 51. g4 g5 52. Ra8 Kf6 53. h3 Bb4 54. Ra1 Bc5 55. Rf1+ Ke7 56. Rf5 h6 57. Rf7+ Kd8 58. Bd7 Be7 59. Bc6 Bc5 60. Rf6 Rh7 61. Bd7 Ke7 62. Rg6 Be3 63. Ke4 Bc5 64. Ke5 Ba3 65. Rg8 Bb2+ 66. Kf5 Rh8 67. Rxh8 Bxh8 68. Kg6 Bf6 69. Kxh6 Kf8 70. Bc6 Be7 71. Be4 Bd8 72. Bf5 Be7 73. h4 gxh4 74. g5 Bd8 75. g6 Bf6 76. Kh7 Bd4 77. g7+ Bxg7 78. e7+ Kxe7 79. Kxg7 Kd6 80. Kf6 Kc5 81. Bd7 h3 82. Bxh3 Kxb5 1/2-1/2

[Event "Helsinki We EtVaS A"]
[Site "Helsinki"]
[Date "2016.05.27"]
[Round "1.1"]
[White "Syvalahti, Timo"]
[Black "Kiik, Kalle"]
[Result "1/2-1/2"]
[WhiteElo "2136"]
[BlackElo "2391"]
[PlyCount "151"]
[EventDate "2016.05.27"]
[EventType "swiss"]
[EventRounds "5"]
[EventCountry "FIN"]
[SourceTitle "EXT 2022"]
[Source "ChessBase"]
[SourceDate "2021.10.06"]
[SourceVersion "1"]
[SourceVersionDate "2021.10.06"]
[SourceQuality "1"]

1. d4 d6 2. Nf3 Bg4 3. e4 Nd7 4. Be2 e6 5. h3 Bh5 6. Nc3 c6 7. 0-0 Ngf6 8. Re1 Be7 9. Bg5 h6 10. Bh4 Bg6 11. Bf1 0-0 12. a4 d5 13. e5 Ne4 14. Bxe7 Qxe7 15. Nxe4 dxe4 16. Nd2 f5 17. exf6 Nxf6 18. f3 Rad8 19. c3 c5 20. Nxe4 Nxe4 21. fxe4 cxd4 22. cxd4 Qb4 23. b3 Rxd4 24. Qg4 Bf5 25. Qg3 Bxe4 26. Bc4 Bd5 27. Bxd5 exd5 28. Rac1 Rdf4 29. Re6 Qd4+ 30. Kh2 Rf1 31. Rxf1 Rxf1 32. Qb8+ Kh7 33. Re8 Qf4+ 34. Qxf4 Rxf4 35. Rd8 Rb4 36. Rxd5 Rxb3 37. Rd7 Kg6 38. Kg1 Kf6 39. Kf2 g6 40. Rd6+ Kf5 41. Rd7 h5 42. h4 Ke5 43. g3 a5 44. Kg2 b6 45. Rg7 Kf5 46. Rc7 Re3 47. Rf7+ Ke5 48. Rb7 Rb3 49. Rg7 Kf5 50. Rc7 Rb4 51. Rc6 g5 52. hxg5 Kxg5 53. Kf3 Kf5 54. Rh6 Rb3+ 55. Kf2 Kg5 56. Rd6 Rb4 57. Kf3 Rxa4 58. Rxb6 Ra3+ 59. Kf2 Kf5 60. Rc6 a4 61. Rc5+ Ke4 62. Rxh5 Ra2+ 63. Ke1 Kd3 64. Rd5+ Kc3 65. Kd1 a3 66. Rc5+ Kb3 67. Rb5+ Kc3 68. Rc5+ Kd3 69. Rd5+ Kc4 70. Rd8 Rg2 71. Kc1 Kb3 72. Rb8+ Ka2 73. g4 Rxg4 74. Kc2 Rc4+ 75. Kd2 Rc7 76. Rb6 1/2-1/2

[Event "Turku We Tsy"]
[Site "Turku"]
[Date "2016.04.09"]
[Round "2"]
[White "Syvalahti, Timo"]
[Black "Jarvenpaa, Jari"]
[Result "1-0"]
[WhiteElo "2136"]
[BlackElo "2295"]
[PlyCount "93"]
[EventDate "2016.04.08"]
[EventType "swiss"]
[EventRounds "5"]
[EventCountry "FIN"]
[SourceTitle "EXT 2022"]
[Source "ChessBase"]
[SourceDate "2021.10.06"]
[SourceVersion "1"]
[SourceVersionDate "2021.10.06"]
[SourceQuality "1"]

1. d4 Nf6 2. c4 e6 3. g3 c5 4. Nf3 cxd4 5. Nxd4 d5 6. Bg2 e5 7. Nb3 d4 8. 0-0 Nc6 9. f4 e4 10. f5 a5 11. e3 dxe3 12. Qxd8+ Nxd8 13. Bxe3 a4 14. N3d2 Ng4 15. Bb6 e3 16. Ne4 Nc6 17. Nbc3 Bb4 18. b3 0-0 19. h3 Nge5 20. Bxe3 axb3 21. axb3 Rxa1 22. Rxa1 Bxf5 23. Nd5 Bxe4 24. Bxe4 Bd6 25. c5 Bb8 26. b4 Re8 27. b5 Na7 28. Nc3 Nc4 29. Bf4 Bxf4 30. gxf4 Nc8 31. Bxb7 Ne7 32. Ra4 Nb2 33. Re4 Kf8 34. c6 Nd3 35. c7 f5 36. Rxe7 Kxe7 37. c8Q Rxc8 38. Bxc8 g6 39. b6 Kd8 40. b7 Kc7 41. Nd5+ Kb8 42. Kg2 Nc5 43. Nf6 h6 44. Ng8 Nd3 45. Ne7 Nb4 46. Nxg6 Nd5 47. Ne5 1-0

[Event "Espoo We MatSK A"]
[Site "Espoo"]
[Date "2016.02.27"]
[Round "2"]
[White "Syvalahti, Timo"]
[Black "Luukkonen, Tommi"]
[Result "0-1"]
[WhiteElo "2080"]
[BlackElo "2301"]
[PlyCount "58"]
[EventDate "2016.02.26"]
[EventType "swiss"]
[EventRounds "5"]
[EventCountry "FIN"]
[SourceTitle "EXT 2022"]
[Source "ChessBase"]
[SourceDate "2021.10.06"]
[SourceVersion "1"]
[SourceVersionDate "2021.10.06"]
[SourceQuality "1"]

1. d4 Nf6 2. c4 c5 3. d5 e6 4. Nc3 exd5 5. cxd5 d6 6. e4 g6 7. Nge2 Bg7 8. Ng3 h5 9. Be2 Ng4 10. f3 Ne5 11. 0-0 0-0 12. Be3 h4 13. Nh1 f5 14. Qd2 h3 15. g3 fxe4 16. fxe4 Ng4 17. Bxg4 Rxf1+ 18. Rxf1 Bxg4 19. Nf2 Bd7 20. Nd3 Na6 21. Bg5 Qb6 22. Kh1 c4 23. Nf4 Rf8 24. Qe2 Nc5 25. Re1 Nd3 26. Nxd3 cxd3 27. Qxd3 Bxc3 28. bxc3 Qf2 29. Rg1 Bg4 0-1

[Event "Wch U18"]
[Site "Porto Carras"]
[Date "2015.10.25"]
[Round "1"]
[White "Syvalahti, Timo"]
[Black "Codenotti, Marco"]
[Result "0-1"]
[WhiteElo "2111"]
[BlackElo "2419"]
[PlyCount "112"]
[EventDate "2015.10.25"]
[EventType "swiss"]
[EventRounds "11"]
[EventCountry "GRE"]
[SourceTitle "CBM 169 Extra"]
[Source "ChessBase"]
[SourceDate "2015.12.18"]
[SourceVersion "1"]
[SourceVersionDate "2015.12.18"]
[SourceQuality "1"]

1. d4 Nf6 2. c4 g6 3. Nc3 d5 4. Nf3 Bg7 5. Qb3 dxc4 6. Qxc4 0-0 7. e4 a6 8. Be2 b5 9. Qb3 Nc6 10. e5 Be6 11. exf6 Bxb3 12. fxg7 Kxg7 13. axb3 Nxd4 14. Nxd4 Qxd4 15. 0-0 Qb4 16. Bf3 Qxb3 17. Ra3 Qc4 18. Nd5 b4 19. Re3 e6 20. b3 Qxf1+ 21. Kxf1 exd5 22. Bxd5 Rae8 23. Ke2 Rxe3+ 24. Bxe3 Rd8 25. Bc4 a5 26. Bf4 c6 27. Ba6 f6 28. Be3 a4 29. bxa4 b3 30. Bc1 Rd4 31. Bd3 Rxa4 32. Kd2 Ra2+ 33. Kc3 Rxf2 34. Kxb3 Rxg2 35. Bf4 h5 36. Kc3 g5 37. Bd6 Kf7 38. Be4 Rg1 39. Bc5 Rc1+ 40. Kd4 g4 41. Bxc6 h4 42. Bd5+ Kg6 43. Be6 f5 44. Bd6 Rd1+ 45. Ke5 Re1+ 46. Kd5 Kf6 47. Bd7 Rd1+ 48. Kc5 h3 49. Bc6 Rxd6 50. Kxd6 f4 51. Bd7 Kg5 52. Ke5 f3 53. Ke4 g3 54. hxg3 h2 55. Kxf3 h1Q+ 56. Ke3 Qe1+ 0-1

[Event "Helsinki Garde Spring Weekend A"]
[Site "Helsinki"]
[Date "2015.03.08"]
[Round "5"]
[White "Syvalahti, Timo"]
[Black "Tumanov, Dmitri"]
[Result "1/2-1/2"]
[WhiteElo "2007"]
[BlackElo "2130"]
[PlyCount "44"]
[EventDate "2015.03.06"]
[EventType "swiss"]
[EventRounds "5"]
[EventCountry "FIN"]
[SourceTitle "EXT 2022"]
[Source "ChessBase"]
[SourceDate "2021.10.06"]
[SourceVersion "1"]
[SourceVersionDate "2021.10.06"]
[SourceQuality "1"]

1. d4 Nf6 2. c4 e5 3. dxe5 Ng4 4. Bf4 g5 5. Bg3 Nc6 6. Nf3 Bg7 7. Nc3 Ngxe5 8. Nxe5 Nxe5 9. e3 d6 10. Be2 Be6 11. Qc2 Nxc4 12. Bxc4 Bxc4 13. Qa4+ b5 14. Nxb5 Bxb5 15. Qxb5+ Qd7 16. Qc4 Rb8 17. Qe4+ Kf8 18. 0-0 Qe7 19. Qa4 Bxb2 20. Rab1 Kg7 21. Qxa7 Rb6 22. Rfd1 Rd8 1/2-1/2

[Event "Helsinki Garde Spring Weekend A"]
[Site "Helsinki"]
[Date "2015.03.06"]
[Round "1"]
[White "Elomaa, Arto"]
[Black "Syvalahti, Timo"]
[Result "1/2-1/2"]
[WhiteElo "2133"]
[BlackElo "2007"]
[PlyCount "68"]
[EventDate "2015.03.06"]
[EventType "swiss"]
[EventRounds "5"]
[EventCountry "FIN"]
[SourceTitle "EXT 2022"]
[Source "ChessBase"]
[SourceDate "2021.10.06"]
[SourceVersion "1"]
[SourceVersionDate "2021.10.06"]
[SourceQuality "1"]

1. e4 e6 2. d4 d5 3. Bd3 dxe4 4. Bxe4 Nf6 5. Bf3 c6 6. Ne2 b6 7. 0-0 Bb7 8. c4 Nbd7 9. Nbc3 Be7 10. Bf4 Qc8 11. d5 exd5 12. cxd5 Nxd5 13. Nxd5 cxd5 14. Rc1 Qd8 15. Bc7 Qc8 16. Bxb6 Nxb6 17. Rxc8+ Rxc8 18. Nd4 0-0 19. Nf5 Bf6 20. Nd6 Rc7 21. Nxb7 Rxb7 22. Qb3 Rfb8 23. Bxd5 Nxd5 24. Qxd5 Rxb2 25. Rd1 g6 26. g3 Rd8 27. Qxd8+ Bxd8 28. Rxd8+ Kg7 29. a4 Rb4 30. a5 Rb5 31. a6 Rb6 32. Rd7 Rxa6 33. Kg2 h5 34. h3 Kf6 1/2-1/2